000 00980cam a22002658i 4500
999 _c57708
_d57708
001 19566025
005 20221105212320.0
008 170321s2018 nju b 001 0 eng
010 _a 2017013384
020 _a9781119219477 (pbk.) 1
041 _aeng
080 _a616-092 F-97
245 0 0 _aFundamentals of applied pathophysiology :
_ban essential guide for nursing and healthcare students /
_c[edited by] Ian Peate.
250 _aThird edition.
264 1 _aHoboken, NJ :
_bWiley,
_c2018.
300 _a606 p. ;
_c25 cm.
504 _aIncludes bibliographical references and index.
650 1 2 _aPathologic Processes
_99561
650 2 2 _aNursing Care
_xmethods
_99562
650 2 2 _aPhysiological Phenomena
_99563
653 _a გამოყენებითი პათოფიზიოლოგიის საფუძვლები
653 _aმედიცინა
700 1 _aPeate, Ian,
_eრედაქტორი
_99564
942 _2udc
_cBK